01104 a2200181 4500003000500000005001700005010001600022020001500038040000900053082001500062100002000077245005100097250001200148260005300160300003400213505064500247650003000892Nust20230102130109.0 a 89030537 a0133136515 cNust00a629.83,VEG2 aVande Vegte, J.10aFeedback control systems /cJohn van de Vegte. a3rd ed. aEnglewood Cliffs, N.J. :bPrentice-Hall,cc1994. axiv, 451 p. :bill. ;c25 cm. aIntroduction and Linearized Dynamic Models (Page-1), Transfer Function Models of Physical Systems (Page-30), Modeling of Feedback Systems and Controllers (Page-60), The Performance of Feedback Systems (Page-97), Introduction to Feedback System Design (Page-125), The Root Locus Method (Page-157), Frequency Response Analysis (Page-195), Frequency Response Design (Page-222), Digital Control Systems (Page-264), Digital Control System Analysis and Design (Page-289), State Space Analysis (Page-321), Introduction to Stat Space Design (Page-351), Multivariable systems in the Frequency Domain (Page-385), Nonlinear Control Systems (Page-399). 0aFeedback control systems.